[Event "26.ChessOrg Schachfestival"]
[Site "Bad Woerishofen"]
[Date "2010.03.13"]
[Round "8.14"]
[White "Welling, Gerard"]
[Black "Babar, Michael"]
[Result "1-0"]
[WhiteElo "2344"]
[BlackElo "2187"]
[PlyCount "57"]
[EventDate "2010.??.??"]

1. d4 d5 2. Nf3 Nf6 3. e3 e6 4. Bd3 c5 5. c3 Nc6 6. Nbd2 Bd6 7. O-O O-O 8. dxc5
Bxc5 9. e4 Qc7 10. Qe2 Bd6 11. Re1 dxe4 12. Nxe4 Nxe4 13. Bxe4 g6 14. Bh6 Re8
15. Rad1 Be7 16. Qc4 Bf6 17. Nd4 Bxd4 18. cxd4 Qe7 19. Qc1 Nd8 20. d5 e5 21. d6
Qd7 22. Qg5 Qe6 23. f4 f6 24. Qg3 Nf7 25. Bxg6 Qg4 26. Bxf7+ Kxf7 27. d7 Bxd7
28. Rxd7+ Qxd7 29. Qg7+ 1-0

[Event "26.ChessOrg Schachfestival"]
[Site "Bad Woerishofen"]
[Date "2010.03.13"]
[Round "8.20"]
[White "Wittfoth, Kai-Uve"]
[Black "de Francesco, Klaus"]
[Result "1/2-1/2"]
[WhiteElo "2150"]
[BlackElo "2283"]
[PlyCount "22"]
[EventDate "2010.??.??"]

1. e4 e6 2. d4 d5 3. exd5 exd5 4. Bd3 Bd6 5. Qf3 Nc6 6. c3 Be6 7. Ne2 Qd7 8.
Bf4 Nf6 9. Bxd6 Qxd6 10. Qg3 Qxg3 11. Nxg3 O-O-O 1/2-1/2

[Event "26.ChessOrg Schachfestival"]
[Site "Bad Woerishofen"]
[Date "2010.03.13"]
[Round "8.1"]
[White "Zude, Arno"]
[Black "Malaniuk, Vladimir"]
[Result "0-1"]
[WhiteElo "2450"]
[BlackElo "2582"]
[PlyCount "58"]
[EventDate "2010.??.??"]

1. e4 e5 2. Nf3 Nc6 3. Nc3 Nf6 4. Bb5 Nd4 5. O-O Nxb5 6. Nxb5 c6 7. Nc3 d6 8.
d4 Qc7 9. h3 Be7 10. a4 O-O 11. Re1 Re8 12. Qd3 b6 13. Bg5 a6 14. Ne2 Be6 15.
c4 h6 16. Be3 Bf8 17. Nc3 Bc8 18. Kh1 Qb7 19. Rab1 Bd7 20. b4 b5 21. cxb5 cxb5
22. a5 d5 23. Nxe5 dxe4 24. Qe2 Be6 25. f3 Rac8 26. Nxe4 Nxe4 27. fxe4 Qxe4 28.
Qd3 Qxd3 29. Nxd3 Bf5 0-1

[Event "26.ChessOrg Schachfestival"]
[Site "Bad Woerishofen"]
[Date "2010.03.14"]
[Round "9.64"]
[White "Auterhoff, Juergen"]
[Black "Ellinger, Peter"]
[Result "0-1"]
[WhiteElo "1879"]
[BlackElo "2023"]
[PlyCount "58"]
[EventDate "2010.??.??"]

1. e4 e5 2. Nc3 Nf6 3. Bc4 c6 4. d3 d5 5. exd5 cxd5 6. Bb5+ Bd7 7. Bxd7+ Nbxd7
8. Nf3 Bb4 9. O-O Bxc3 10. bxc3 O-O 11. Re1 Qc7 12. Bb2 Rfe8 13. Qd2 h6 14. h3
Re6 15. Re3 Nh7 16. Nh4 Qd8 17. Nf3 f5 18. Rae1 Rb6 19. Qc1 e4 20. Nd4 Qf6 21.
Nb3 f4 22. R3e2 Ng5 23. c4 Qg6 24. Kh2 dxc4 25. dxc4 f3 26. Re3 Nxh3 27. gxf3
Nf4 28. Rg1 Qh5+ 29. Kg3 Qg5+ 0-1

[Event "26.ChessOrg Schachfestival"]
[Site "Bad Woerishofen"]
[Date "2010.03.14"]
[Round "9.13"]
[White "Ballon, Guenther Jan"]
[Black "Friedrich, Norbert"]
[Result "0-1"]
[WhiteElo "2165"]
[BlackElo "2299"]
[PlyCount "26"]
[EventDate "2010.??.??"]

1. d4 d5 2. Nf3 Nf6 3. e3 c5 4. c3 e6 5. Bd3 Nc6 6. O-O Bd6 7. Nbd2 O-O 8. dxc5
Bxc5 9. e4 Qc7 10. Qe2 h6 11. h3 Nh5 12. Nb3 Ng3 13. Qe1 Bb6 0-1

[Event "26.ChessOrg Schachfestival"]
[Site "Bad Woerishofen"]
[Date "2010.03.14"]
[Round "9.24"]
[White "Bangert, Ruediger"]
[Black "Margraf, Christoph"]
[Result "0-1"]
[WhiteElo "1712"]
[BlackElo "1935"]
[PlyCount "88"]
[EventDate "2010.??.??"]

1. d4 d5 2. g3 Bf5 3. c4 c6 4. cxd5 Qxd5 5. Nf3 Bxb1 6. Rxb1 Qxa2 7. Bd2 Nf6 8.
Bg2 e6 9. O-O Qd5 10. Bf4 Be7 11. Ng5 Qd7 12. e4 h6 13. Nh3 Na6 14. g4 Rd8 15.
g5 hxg5 16. Be3 Nxe4 17. Qf3 f5 18. Qe2 Bd6 19. Bxe4 Rxh3 20. Bxf5 exf5 21.
Bxg5+ Kf8 22. Bxd8 Qxd8 23. f4 Qe7 24. Qxe7+ Kxe7 25. Rbe1+ Kf7 26. Kg2 Rd3 27.
Rd1 Rxd1 28. Rxd1 Nb4 29. Kf3 Nd5 30. Ra1 a6 31. h3 Nxf4 32. b4 Nd5 33. b5 cxb5
34. Ra5 g5 35. Ra2 Nf6 36. Rc2 Ke6 37. Rg2 g4+ 38. hxg4 fxg4+ 39. Ke3 g3 40.
Kf3 Kd5 41. Re2 b4 42. Re3 a5 43. Kg2 a4 44. Rf3 Ne4 0-1

[Event "26.ChessOrg Schachfestival"]
[Site "Bad Woerishofen"]
[Date "2010.03.14"]
[Round "9.39"]
[White "Bartels, Holger"]
[Black "Spanton, Tim"]
[Result "1-0"]
[WhiteElo "2123"]
[BlackElo "2030"]
[PlyCount "73"]
[EventDate "2010.??.??"]

1. e4 c5 2. Nf3 Nc6 3. d4 cxd4 4. Nxd4 g6 5. c4 Nf6 6. Nc3 d6 7. Be2 Bg7 8. Be3
O-O 9. O-O Nxd4 10. Bxd4 Bd7 11. Qd2 Bc6 12. f3 Nd7 13. Rfd1 Bxd4+ 14. Qxd4 Qb6
15. b3 a5 16. Rab1 Rfc8 17. a3 Qxd4+ 18. Rxd4 Nc5 19. Bd1 b6 20. Rd2 Rcb8 21.
Kf2 h5 22. g3 Kg7 23. Rbb2 Kf6 24. Ke3 Rh8 25. b4 axb4 26. axb4 Ne6 27. Ra2 Nc7
28. Rxa8 Rxa8 29. Ra2 Rxa2 30. Nxa2 b5 31. Be2 Ke6 32. Nc3 bxc4 33. Bxc4+ Kf6
34. b5 Bb7 35. b6 Na8 36. Bd5 Bxd5 37. Nxd5+ 1-0

[Event "26.ChessOrg Schachfestival"]
[Site "Bad Woerishofen"]
[Date "2010.03.14"]
[Round "9.16"]
[White "De Santis, Alessio"]
[Black "Gerstner, Bernhard"]
[Result "1-0"]
[WhiteElo "2305"]
[BlackElo "2190"]
[PlyCount "47"]
[EventDate "2010.??.??"]

1. b3 d5 2. Bb2 Bg4 3. h3 Bh5 4. g3 e6 5. Bg2 Nf6 6. d3 Bc5 7. Nd2 O-O 8. g4
Bg6 9. e3 Qe7 10. a3 a5 11. h4 h5 12. gxh5 Bxh5 13. Bf3 Bxf3 14. Qxf3 Nh7 15.
Nh3 f6 16. Nf4 Rf7 17. Ng6 Qd6 18. Ke2 Nd7 19. h5 Ndf8 20. Rag1 Bxa3 21. Ba1
Re8 22. h6 e5 23. Qh3 Ng5 24. Rxg5 1-0

[Event "26.ChessOrg Schachfestival"]
[Site "Bad Woerishofen"]
[Date "2010.03.14"]
[Round "9.48"]
[White "Egel, Amos"]
[Black "Bullert, Wolfgang"]
[Result "1-0"]
[WhiteElo "1984"]
[BlackElo "1851"]
[PlyCount "59"]
[EventDate "2010.??.??"]

1. d4 d5 2. c4 e6 3. Nc3 c5 4. cxd5 cxd4 5. Qxd4 Nc6 6. Qd1 exd5 7. Nf3 d4 8.
Ne4 Bf5 9. Ng3 Be6 10. e4 dxe3 11. Bxe3 Qxd1+ 12. Kxd1 Be7 13. Bb5 Bd7 14. Ke2
Bf6 15. Rab1 Nge7 16. Ne4 Ne5 17. Bxd7+ Nxd7 18. Nd6+ Kf8 19. Nxb7 Nf5 20. Rhd1
Nxe3 21. fxe3 Ke7 22. Nd4 Ne5 23. Nf5+ Kf8 24. Rbc1 g6 25. Nfd6 Kg7 26. Rc7 Bd8
27. Nxd8 Rhxd8 28. Rd5 Ng4 29. h3 Nf6 30. Rxf7+ 1-0

[Event "26.ChessOrg Schachfestival"]
[Site "Bad Woerishofen"]
[Date "2010.03.14"]
[Round "9.3"]
[White "Farago, Ivan"]
[Black "Burmakin, Vladimir"]
[Result "0-1"]
[WhiteElo "2476"]
[BlackElo "2604"]
[PlyCount "114"]
[EventDate "2010.??.??"]

1. d4 c6 2. c4 Nf6 3. Nc3 d5 4. e3 a6 5. Qc2 g6 6. Bd3 Bg7 7. Nf3 O-O 8. O-O
Bg4 9. Ne5 Be6 10. c5 Nbd7 11. Nxd7 Nxd7 12. Bd2 f6 13. f4 Bf7 14. f5 Qe8 15.
Rae1 b6 16. b4 a5 17. a3 axb4 18. axb4 bxc5 19. bxc5 e5 20. fxe6 Qxe6 21. e4
dxe4 22. Bxe4 f5 23. Bxf5 Qc4 24. Bxd7 Qxd4+ 25. Be3 Qxd7 26. Ne4 Ra2 27. Qd1
Qxd1 28. Rxd1 Bd5 29. Rxf8+ Kxf8 30. Nd2 Ke7 31. Nf3 Bxf3 32. gxf3 Ra1 33. Rxa1
Bxa1 34. Kg2 Ke6 35. Kg3 Kf5 36. h3 Bf6 37. Bh6 Bd4 38. Bf8 Be5+ 39. Kf2 Bf4
40. Ke2 Ke6 41. Kd3 Kd5 42. Bg7 Bc1 43. Bf6 Ba3 44. Ke3 Bxc5+ 45. Kf4 Bb4 46.
Kg5 Bd2+ 47. f4 Ke4 48. Be5 c5 49. h4 c4 50. h5 gxh5 51. Kxh5 Bxf4 52. Bc3 Kd3
53. Bf6 Be3 54. Be5 Bd4 55. Bf4 c3 56. Bd6 c2 57. Ba3 Be3 0-1

[Event "26.ChessOrg Schachfestival"]
[Site "Bad Woerishofen"]
[Date "2010.03.14"]
[Round "9.68"]
[White "Floeren, Ernst"]
[Black "Haering, Walter-Georg"]
[Result "1-0"]
[WhiteElo "1753"]
[BlackElo "1720"]
[PlyCount "49"]
[EventDate "2010.??.??"]

1. e4 c5 2. Nf3 g6 3. c3 Bg7 4. d4 cxd4 5. cxd4 a6 6. Nc3 d6 7. Bc4 Nf6 8. O-O
b5 9. Bb3 Bb7 10. Re1 Nbd7 11. a3 O-O 12. Bg5 Rc8 13. Qd2 Re8 14. h3 Rc7 15.
Bh6 Bh8 16. Ng5 e6 17. Rad1 Qa8 18. Qf4 Nb6 19. Qxd6 Rc6 20. Qf4 Nc4 21. Bxc4
Rxc4 22. e5 Bxg2 23. exf6 Bb7 24. Bg7 h6 25. Bxh6 1-0

[Event "26.ChessOrg Schachfestival"]
[Site "Bad Woerishofen"]
[Date "2010.03.14"]
[Round "9.4"]
[White "Huhndorf, Arnold"]
[Black "Luther, Thomas"]
[Result "0-1"]
[WhiteElo "2264"]
[BlackElo "2559"]
[PlyCount "96"]
[EventDate "2010.??.??"]

1. d4 e6 2. c4 Nf6 3. Nf3 d5 4. Nc3 Bb4 5. cxd5 exd5 6. Bg5 Nbd7 7. Qc2 h6 8.
Bxf6 Bxc3+ 9. bxc3 Nxf6 10. e3 O-O 11. c4 c5 12. dxc5 Bg4 13. Be2 Qa5+ 14. Qd2
Qxc5 15. cxd5 Nxd5 16. O-O Nc3 17. Nd4 Nxe2+ 18. Nxe2 Rac8 19. Rfc1 Qg5 20. Nd4
b6 21. Rxc8 Rxc8 22. Rc1 Re8 23. Rc7 a6 24. Nf3 Qf6 25. Qc3 Qxc3 26. Rxc3 Be6
27. a3 b5 28. Kf1 a5 29. Rc5 b4 30. Nd4 b3 31. Nxe6 Rxe6 32. Rb5 a4 33. Rb8+
Kh7 34. Rb4 Rc6 35. Ke2 Rc1 36. Kd3 Ra1 37. Kc3 Rxa3 38. g4 Ra2 39. h4 Rc2+ 40.
Kd3 Rc1 41. Kd2 Ra1 42. Kc3 Ra2 43. h5 f6 44. f4 Kg8 45. e4 Rc2+ 46. Kd3 Rc1
47. Kd2 Rf1 48. Rxa4 b2 0-1

[Event "26.ChessOrg Schachfestival"]
[Site "Bad Woerishofen"]
[Date "2010.03.14"]
[Round "9.7"]
[White "Koepke, Christian"]
[Black "Karpatchev, Alexandr"]
[Result "0-1"]
[WhiteElo "2370"]
[BlackElo "2483"]
[PlyCount "80"]
[EventDate "2010.??.??"]

1. e4 e5 2. Nf3 Nc6 3. Bc4 Be7 4. O-O Nf6 5. d3 O-O 6. Re1 d6 7. a4 Na5 8. Ba2
c5 9. Nc3 Be6 10. Nd5 Nxd5 11. Bxd5 Bxd5 12. exd5 b6 13. Bd2 Nb7 14. a5 Qc7 15.
a6 Nd8 16. c3 f5 17. h3 Nf7 18. b4 c4 19. d4 e4 20. Nh2 b5 21. f3 Bh4 22. Re2
Rae8 23. fxe4 fxe4 24. Qc2 Qe7 25. Ra5 Qd7 26. Ng4 Bd8 27. Ra1 Qf5 28. Ne3 Qg6
29. Ng4 Bh4 30. Be1 h5 31. Nh2 Bd8 32. Bd2 Qf5 33. Rae1 Bh4 34. Rf1 Qxd5 35.
Bf4 Qc6 36. g3 Bf6 37. d5 Qxd5 38. Rd1 Qf5 39. Bxd6 Nxd6 40. Rxd6 Qxh3 0-1

[Event "26.ChessOrg Schachfestival"]
[Site "Bad Woerishofen"]
[Date "2010.03.14"]
[Round "9.30"]
[White "Lamberger, Werner"]
[Black "Grafe, Wilhelm"]
[Result "0-1"]
[WhiteElo "2064"]
[BlackElo "2193"]
[PlyCount "74"]
[EventDate "2010.??.??"]

1. Nf3 Nf6 2. d4 g6 3. Nc3 d5 4. Bf4 Bg7 5. Qd2 h6 6. h4 c6 7. e3 Bf5 8. Bd3
Nbd7 9. Ne2 Qb6 10. O-O Ne4 11. Bxe4 Bxe4 12. b3 Bxf3 13. gxf3 e5 14. Bg3 O-O
15. Rad1 Rfe8 16. c4 exd4 17. exd4 Qa6 18. Rc1 Nb6 19. Nc3 dxc4 20. Ne4 cxb3
21. axb3 Nd5 22. Be5 Bxe5 23. dxe5 Rxe5 24. Qxh6 Rh5 25. Qd2 Qb6 26. Rc4 Qxb3
27. Ng3 Qxc4 28. Nxh5 Qxh4 29. Ng3 Qf6 30. Re1 Qxf3 31. Re4 Qf6 32. Rg4 Re8 33.
Kg2 Re5 34. Qd4 b6 35. Ne4 Qe6 36. Rh4 g5 37. Rh6 Qg4+ 0-1

[Event "26.ChessOrg Schachfestival"]
[Site "Bad Woerishofen"]
[Date "2010.03.14"]
[Round "9.49"]
[White "Mack, Thomas Dr"]
[Black "Sakowski, Christian"]
[Result "1/2-1/2"]
[WhiteElo "2079"]
[BlackElo "1917"]
[PlyCount "39"]
[EventDate "2010.??.??"]

1. e4 c6 2. d4 d5 3. f3 e6 4. Nc3 Bb4 5. Nge2 b6 6. a3 Bxc3+ 7. Nxc3 Ba6 8.
Bxa6 Nxa6 9. Qe2 Nc7 10. Bf4 Ne7 11. O-O-O Ng6 12. Bxc7 Qxc7 13. exd5 Nf4 14.
Qc4 Nxd5 15. Nxd5 exd5 16. Rde1+ Kd7 17. Qd3 g6 18. Re5 f6 19. Re3 Rae8 20. g3
1/2-1/2

[Event "26.ChessOrg Schachfestival"]
[Site "Bad Woerishofen"]
[Date "2010.03.14"]
[Round "9.54"]
[White "Makryniotis, Konstantinos"]
[Black "Trebbin, Wolfhard Dr"]
[Result "1/2-1/2"]
[WhiteElo "1912"]
[BlackElo "2061"]
[PlyCount "37"]
[EventDate "2010.??.??"]

1. d4 Nf6 2. c4 e6 3. Nc3 d5 4. Bg5 Be7 5. cxd5 exd5 6. e3 c6 7. Bd3 Nbd7 8.
Nge2 h6 9. Bh4 O-O 10. O-O Re8 11. a3 a5 12. Rc1 b6 13. f3 Ba6 14. Bf2 g6 15.
Nf4 Kg7 16. Bxa6 Rxa6 17. e4 dxe4 18. Nxe4 Nb8 19. Re1 1/2-1/2

[Event "26.ChessOrg Schachfestival"]
[Site "Bad Woerishofen"]
[Date "2010.03.14"]
[Round "9.8"]
[White "Nyzhnyk, Illya"]
[Black "Welling, Gerard"]
[Result "1/2-1/2"]
[WhiteElo "2544"]
[BlackElo "2344"]
[PlyCount "117"]
[EventDate "2010.??.??"]

1. e4 c6 2. d4 d5 3. f3 g6 4. Nc3 Bg7 5. e5 f6 6. f4 Nh6 7. Nf3 Bg4 8. Be2 O-O
9. Be3 Nd7 10. h3 Bxf3 11. Bxf3 Nf5 12. Bf2 fxe5 13. dxe5 e6 14. h4 Qa5 15. a3
Bh6 16. b4 Qc7 17. Ne2 Ne7 18. Bg4 Bxf4 19. Bxe6+ Kh8 20. Bxd7 Qxd7 21. Qd4 Qf5
22. Nxf4 Qxf4 23. O-O Qxd4 24. Bxd4 Rxf1+ 25. Rxf1 Nf5 26. Bf2 h5 27. Kh2 Kg7
28. Re1 Kf7 29. e6+ Kf6 30. Kh3 Re8 31. g4 hxg4+ 32. Kxg4 b6 33. a4 Rxe6 34.
Rxe6+ Kxe6 35. Kg5 d4 36. Kxg6 c5 37. b5 c4 38. h5 d3 39. cxd3 cxd3 40. Be1
Nh4+ 41. Kg7 Nf5+ 42. Kf8 Kf6 43. Bd2 Nd6 44. Kg8 Nf5 45. h6 Ne7+ 46. Kf8 Ng6+
47. Kg8 Ne7+ 48. Kf8 Ng6+ 49. Ke8 Ne5 50. Kd8 Nc4 51. Bc3+ Kg6 52. Kc7 d2 53.
Bxd2 Nxd2 54. Kb7 Kxh6 55. Kxa7 Nc4 56. Ka6 Kg6 57. a5 bxa5 58. b6 Nxb6 59.
Kxa5 1/2-1/2

[Event "26.ChessOrg Schachfestival"]
[Site "Bad Woerishofen"]
[Date "2010.03.14"]
[Round "9.10"]
[White "Pirrot, Dieter"]
[Black "Lupor, Stefan"]
[Result "0-1"]
[WhiteElo "2414"]
[BlackElo "2262"]
[PlyCount "84"]
[EventDate "2010.??.??"]

1. e4 c5 2. b4 cxb4 3. a3 d5 4. exd5 Qxd5 5. Nf3 e5 6. c4 Qa5 7. Bb2 Nc6 8.
Nxe5 Nxe5 9. axb4 Qc7 10. Qe2 f6 11. f4 Bg4 12. Qe3 Bxb4 13. fxe5 Ne7 14. Qg3
h5 15. h3 Bf5 16. Qxg7 O-O-O 17. Ra4 a5 18. Rxb4 axb4 19. exf6 Rhg8 20. fxe7
Rxg7 21. exd8=Q+ Kxd8 22. d3 Re7+ 23. Kd1 Qc6 24. Kd2 Qe6 25. g4 Qe1+ 26. Kc2
Bxd3+ 27. Bxd3 Qxh1 28. Bf6 Qxh3 29. Bxe7+ Kxe7 30. gxh5 Qxh5 31. Nd2 Qh2 32.
Kc1 Kd6 33. Nb3 Ke5 34. Kb1 b6 35. Kc1 Kf4 36. Kb1 Qh8 37. Bc2 Qc3 38. Kc1 Qxc4
39. Kb2 Qc3+ 40. Kc1 Ke3 41. Kb1 Qc6 42. Kc1 Qa8 0-1

[Event "26.ChessOrg Schachfestival"]
[Site "Bad Woerishofen"]
[Date "2010.03.14"]
[Round "9.70"]
[White "Santos, Paulo"]
[Black "Strohbusch, Frank Dr"]
[Result "1-0"]
[WhiteElo "1860"]
[BlackElo "1947"]
[PlyCount "89"]
[EventDate "2010.??.??"]

1. e4 e6 2. d4 d5 3. Nd2 c5 4. exd5 Qxd5 5. Ngf3 cxd4 6. Bc4 Qd6 7. O-O Nf6 8.
Nb3 Nc6 9. Nbxd4 Nxd4 10. Qxd4 Qxd4 11. Nxd4 a6 12. Bg5 Be7 13. Rad1 O-O 14.
Rfe1 h6 15. Bh4 g5 16. Bg3 b5 17. Be2 Bb7 18. c3 Rad8 19. Bf3 Bxf3 20. Nxf3
Rxd1 21. Rxd1 Rd8 22. Rxd8+ Bxd8 23. Nd4 Ne4 24. Be5 f6 25. Nxe6 Bb6 26. Bd4
Bxd4 27. Nxd4 Kf7 28. Kf1 h5 29. Ke2 Ke7 30. Ke3 Nc5 31. Ne2 Kd6 32. b3 Ke5 33.
f3 f5 34. g3 Ne6 35. f4+ gxf4+ 36. Nxf4 Nxf4 37. gxf4+ Kd5 38. h4 a5 39. Kd3
Kc5 40. a3 Kd5 41. c4+ bxc4+ 42. bxc4+ Kc6 43. Kd4 Kd6 44. c5+ Kc6 45. a4 1-0

[Event "26.ChessOrg Schachfestival"]
[Site "Bad Woerishofen"]
[Date "2010.03.14"]
[Round "9.5"]
[White "Teske, Henrik"]
[Black "Zude, Arno"]
[Result "1/2-1/2"]
[WhiteElo "2553"]
[BlackElo "2450"]
[PlyCount "39"]
[EventDate "2010.??.??"]

1. Nf3 Nf6 2. c4 e6 3. Nc3 d5 4. d4 Be7 5. g3 O-O 6. Bg2 dxc4 7. Ne5 Nc6 8.
Nxc6 bxc6 9. O-O Rb8 10. Bxc6 Bb7 11. Bxb7 Rxb7 12. e3 c5 13. Qf3 Rb4 14. a3
Rb8 15. dxc5 Qc7 16. e4 Qxc5 17. Bf4 Bd6 18. Bxd6 Qxd6 19. Rad1 Qc6 20. Qe2
1/2-1/2

[Event "26.ChessOrg Schachfestival"]
[Site "Bad Woerishofen"]
[Date "2010.03.14"]
[Round "9.28"]
[White "Valet, Richard"]
[Black "Stewart, Neil"]
[Result "1/2-1/2"]
[WhiteElo "2074"]
[BlackElo "2327"]
[PlyCount "81"]
[EventDate "2010.??.??"]

1. e4 e6 2. d4 d5 3. e5 c5 4. c3 Qb6 5. Nf3 Bd7 6. a3 cxd4 7. cxd4 Bb5 8. Bxb5+
Qxb5 9. Nc3 Qa6 10. Qa4+ Qxa4 11. Nxa4 Nd7 12. Bd2 Rc8 13. Ke2 Nb6 14. Nxb6
axb6 15. Rhc1 Rc6 16. Bb4 Ne7 17. Kd3 h6 18. Rc3 g5 19. h3 Kd7 20. Rac1 Ng6 21.
g3 Bxb4 22. axb4 Ra8 23. Ne1 Ra4 24. Nc2 Ne7 25. Ra1 b5 26. Rxa4 bxa4 27. b5
Rxc3+ 28. Kxc3 Ng6 29. Kb4 b6 30. Kxa4 Ke7 31. Kb3 f6 32. exf6+ Kxf6 33. Ne3 h5
34. Kc3 Ne7 35. Kd3 e5 36. dxe5+ Kxe5 37. Ng2 d4 38. f4+ gxf4 39. Nxf4 h4 40.
Ne2 hxg3 41. Nxg3 1/2-1/2

[Event "26.ChessOrg Schachfestival"]
[Site "Bad Woerishofen"]
[Date "2010.03.14"]
[Round "9.32"]
[White "Van Eck, Ted"]
[Black "Eperjesi, Lazlo Dr"]
[Result "0-1"]
[WhiteElo "2019"]
[BlackElo "2183"]
[PlyCount "66"]
[EventDate "2010.??.??"]

1. e4 c6 2. d4 d5 3. exd5 cxd5 4. Nf3 Nf6 5. Bd3 Bg4 6. O-O Nc6 7. c3 e6 8. Bf4
Bd6 9. Bxd6 Qxd6 10. Nbd2 O-O 11. Qc2 Rfc8 12. a3 Rab8 13. Rac1 b5 14. Qb1 a5
15. Rfe1 b4 16. cxb4 axb4 17. a4 Ra8 18. b3 Bxf3 19. Nxf3 Qf4 20. Qb2 g5 21.
Bb5 Na5 22. Rxc8+ Rxc8 23. Ne5 Rc3 24. Qe2 Qxd4 25. Nxf7 Ne4 26. Nh6+ Kg7 27.
Ng4 Nxb3 28. Ne3 Qd2 29. f3 Qxe2 30. Rxe2 Rc1+ 31. Nf1 Nbd2 32. g4 Rxf1+ 33.
Kg2 Rxf3 0-1

[Event "26.ChessOrg Schachfestival"]
[Site "Bad Woerishofen"]
[Date "2010.03.14"]
[Round "9.19"]
[White "Vandrey, Wolfgang"]
[Black "Weisenburger, Horst"]
[Result "1-0"]
[WhiteElo "2295"]
[BlackElo "2177"]
[PlyCount "43"]
[EventDate "2010.??.??"]

1. d4 f5 2. g3 g6 3. Bg2 Bg7 4. Nh3 Nf6 5. Nf4 d6 6. d5 c6 7. c4 O-O 8. O-O Na6
9. dxc6 bxc6 10. Bxc6 Rb8 11. Nc3 g5 12. Nd3 Qc7 13. Bg2 Qxc4 14. Bxg5 Ne4 15.
Nxe4 fxe4 16. Nf4 Bxb2 17. Rb1 Rf7 18. Nd5 Bg4 19. Nxe7+ Kg7 20. Rxb2 Rxb2 21.
Qxd6 Qc5 22. Qh6+ 1-0

[Event "26.ChessOrg Schachfestival"]
[Site "Bad Woerishofen"]
[Date "2010.03.14"]
[Round "9.33"]
[White "Walter, Mario"]
[Black "Fenske, Wolfgang"]
[Result "1-0"]
[WhiteElo "2006"]
[BlackElo "1947"]
[PlyCount "95"]
[EventDate "2010.??.??"]

1. f4 d5 2. Nf3 c5 3. e3 Nc6 4. Bb5 Bd7 5. b3 Nf6 6. Bb2 g6 7. O-O Bg7 8. d3
O-O 9. Qe1 e6 10. Bxc6 Bxc6 11. Qh4 Nd7 12. Qxd8 Raxd8 13. Bxg7 Kxg7 14. Nbd2
f6 15. c3 e5 16. fxe5 Nxe5 17. Nxe5 fxe5 18. d4 cxd4 19. cxd4 e4 20. b4 Rxf1+
21. Rxf1 Rc8 22. Rc1 Bd7 23. Rxc8 Bxc8 24. Kf2 Kf6 25. h4 Bd7 26. Kg3 Kf5 27.
Nb1 Bb5 28. Nc3 Bc4 29. a3 h6 30. Na4 b6 31. Nc3 b5 32. Kh3 h5 33. Kg3 a6 34.
Nd1 Bd3 35. Nf2 Be2 36. Nh3 Bd1 37. Ng5 Bg4 38. Nf7 Kf6 39. Ne5 Bc8 40. Kf4 Bf5
41. Nc6 Ke6 42. Na5 Kf6 43. Nb3 Bg4 44. Nc5 Be2 45. Nxa6 Bf1 46. Nc7 Bc4 47. g3
Ke7 48. Ke5 1-0